00936nam a2200229 i 45000010005000000030009000050050017000140080041000310200018000720800015000901000038001052450107001432600037002503000056002876000038003436500049003816500058004307000045004888520036005339990015005699520122005846219ES-MaACL20231222163559.0890829s1989 sp ||||1| spa d a84-239-5278-9 a725.12(46)1 aGyenes, Juan (d1912-1995)96133110aEmbajadas de España y su historia / cen fotografias de Juan Gyenes y textos de Alfonso de la Serna. aMadrid : bEspasa-Calpe, c1989. a198 p. : bprincipalmente fot. col. y n. ; c31 cm.14aGyenes, Juan (d1912-1995)961331 4aEdificios para embajadas-vHistoria.9172625 4aServicio diplomático y consular-zEspaña.91726261 aSerna, Alfonso de la,d1922-20069105561 aES-MaACLjL-13334 z- Enc. tela c6219d6219 00104070aATENEOMbATENEOMcDEPO2d2008-01-17eSCl0oL-13334p1006330r2023-02-23 00:00:00w2023-02-23yMONOGRAFIA